Statistics for Top 20 Largest Cities in Greenland

Click here to take the quiz!

General Stats

  • This quiz has been taken 50 times
  • The average score is 4 of 20

Answer Stats

PopulationCity% Correct
16,454Nuuk
100%
3,229Qaqortoq
29%
5,598Sisimiut
27%
1,515Paamiut
20%
656Qaanaaq
18%
1,337Nanortalik
18%
1,181Upernavik
18%
3,142Aasiaat
16%
2,670Maniitsoq
16%
2,017Tasiilaq
16%
845Qeqertarsuaq
13%
452Ittoqqortoormiit
11%
1,282Uummannaq
11%
1,503Narsaq
9%
512Kangerlussuaq
9%
1,171Qasigiannguit
7%
558Kangaatsiaq
7%
4,541llulissat
4%
353Kangaamiut
4%
448Kullorsuaq
2%

Score Distribution

Percentile by Number Answered

Percent of People with Each Score

Your Score History

You have not taken this quiz